Teatro em debate(s) (Registo nº 668)
[ vista simples ]
| 000 -Etiqueta do registo | |
|---|---|
| Cabeçalho | 01414nam a2200349 4500 |
| 005 - Identificador da versão | |
| Campo de controlo | 20240813121809.0 |
| 010 ## - Número internacional normalizado dos livros (ISBN) | |
| Número (ISBN) | 9722412809 |
| 021 ## - Número do Depósito Legal | |
| Código do país | PT |
| Número | 200527/03 |
| 035 ## - Other System Control Numbers | |
| System Control Number | 0000697 |
| System Control Number | 0000693 |
| System Control Number | 0000693 |
| System Control Number | 0000681 |
| 100 ## - Dados gerais de processamento | |
| Dados gerais de processamento | 20040525d2003 m y0pory5003 ba |
| 102 ## - Pais de publicação ou produção | |
| País de publicação | Portugal |
| 101 0# - Língua de publicação | |
| Língua do texto, banda sonora, etc. | Português |
| -- | Francês |
| 106 ## - Campo de dados codificados: material textual | |
| Dados codificados do material textual | r |
| 105 ## - Campo de dados codificados: livros | |
| Dados codificados dos livros | a z 101yy |
| 215 ## - Descrição física | |
| Indicação específica da natureza do documento e extensão da espécie | 309 p. |
| Outras indicações físicas | il. |
| Dimensões | 24 cm |
| 200 1# - Titulo e menção de responsabilidade | |
| Título próprio | Teatro em debate(s) |
| Primeira menção de responsabilidade | I Congresso do Teatro Português, Colóquio "O Homem de Costas, o Corpo no Teatro, Cinema, Fotografia e Artes Plásticas" |
| Outras menções de responsabilidade | coord. Maria Helena Serôdio... [et al.] |
| -- | ed. Centro de Estudos de Teatro da Faculdade de Letras de Lisboa, Associação Portuguesa de Críticos de Teatro |
| 225 2# - Colecção | |
| Título próprio da colecção | Horizonte universitário |
| 210 ## - Publicação, Distribuição, etc. | |
| Lugar da edição, distribuição, etc. | Lisboa |
| Nome do editor, distribuidor, etc. | Livros Horizonte |
| Data da publicação, distribuição, etc. | 2003 |
| 320 ## - Nota relativa a bibliografia e índices internos | |
| Texto da nota | Contém bibliografia |
| 675 ## - Classificação Decimal Universal (CDU) | |
| Notação | 792(469) |
| Edição | BN |
| Língua da edição | por |
| Notação | 061.3 |
| Edição | BN |
| Língua da edição | por |
| Edição | BN |
| Língua da edição | por |
| 711 12 - Nome de colectividade-autor (co-responsabilidade principal) | |
| Número de registo de entrada de autoridade | 0000867 |
| Palavra de ordem | Colóquio O Homem de Costas, o Corpo no Teatro, Cinema, Fotografia e Artes Plásticas |
| Local do grupo-eventual | Lisboa |
| Data do grupo-eventual | 2002 |
| 702 #1 - Nome de autor-pessoa física (responsabilidade secundária) | |
| Número de registo de entrada de autoridade | 0000865 |
| Palavra de ordem | Serôdio |
| Outra parte do nome não tomada para palavra de ordem | Maria Helena |
| Datas | 1948- |
| Código de função | Editor literário / Coordenador |
| 710 #2 - Nome de colectividade-autor (responsabilidade principal) | |
| Número de registo de entrada de autoridade | 0000866 |
| Palavra de ordem | Congresso do Teatro Português |
| Número do grupo-eventual e/ou número de uma parte do grupo-eventual | 1 |
| Local do grupo-eventual | Lisboa |
| Data do grupo-eventual | 1993 |
| 712 02 - Nome de colectividade-autor (responsabilidade secundária) | |
| Número de registo de entrada de autoridade | 0000868 |
| Palavra de ordem | Universidade de Lisboa |
| Subdivisão | Faculdade de Letras |
| -- | Centro de Estudos de Teatro |
| Código de função | Organizador de conferência |
| Número de registo de entrada de autoridade | 0000869 |
| Palavra de ordem | Associação Portuguesa de Críticos de Teatro |
| Código de função | Organizador de conferência |
| 942 ## - Elementos de entrada adicionados (Koha) | |
| Tipo de item no Koha | Livro |
| Situação do levantamento | Origin of item (home branch) (coded) | Biblioteca de empréstimo | Código de barras | Circulation type (not for loan) | Tipo de documento | Nota do exemplar | Damaged status |
|---|---|---|---|---|---|---|---|
| Biblioteca Escolar Eng. Nuno Mergulhão | Biblioteca Escolar Eng. Nuno Mergulhão | BENM1154 | Livro | Sem mensagem |
